000 00321nam a22001337a 4500
008 170329b xxu||||| |||| 00| 0 eng d
020 _a9780781716185
041 _aeng
080 _23 ED
_a616-053.2
100 _a8
101 _aSHM
245 _aOSKIS PEDIATRICS PRINCIPLES AND PRACTICE
_cMCMILLAN.J.A
942 _2udc
_cBK
999 _c8923
_d8923